| 000 | 00352cam a22001217a 4500 | ||
|---|---|---|---|
| 008 | 180718b1961 xxu||||| |||| 00| 0 eng d | ||
| 082 | _aA72x485 N848 | ||
| 100 | _aNott,Kathleen | ||
| 245 |
_aClean well-lighted place:a private view of sweden _cby Kathleen Nott |
||
| 260 |
_aLondon _bHeinemann _c1961 |
||
| 300 | _a207p. | ||
| 650 | _aSweden -Civilization. | ||
| 999 |
_c413747 _d413747 |
||